Top 100 Polskich Kanałów Youtube - Statystyki

Ogólne statystyki
  • Ten quiz został rozwiązany 549 razy
    460 od ostatniego zresetowania
  • Średni wynik to 22 z 100
Statystyki odpowiedzi
Pozycja Kanały % Poprawnych
1 Blowek
92%
6 Friz
90%
2 Stuu
82%
3 reZigiusz
77%
58 WERSOW
68%
73 Tromba
62%
8 Naruciak
55%
4 SA Wardega
55%
28 Mandzio
51%
5 Abstrachuje TV
46%
11 IsAmU
45%
64 Marcin Dubiel
43%
13 Kamerzysta
40%
26 Tomasz 'Gimper' Działowy
40%
43 BOXDEL
37%
25 BEKSY
36%
35 TheNitroZyniak
36%
12 5 Sposobów na...
35%
63 Boruciak
33%
15 izak LIVE
33%
10 Planeta Faktów
33%
14 Karolek
32%
18 MULTI
32%
34 Kaluch
29%
68 Kruszwil
29%
7 Step Records
29%
38 skkf
27%
17 Vito Minecraft
27%
66 WAKSY
27%
30 Wojan
27%
19 SBM Label
26%
24 QueQuality
24%
33 ROJSON
24%
9 DISCO MAREK
23%
37 JDabrowsky
23%
41 Remigiusz Maciaszek
23%
50 Agnieszka Grzelak Vlog
21%
70 WiP Bros.
21%
27 DeeJayPallaside
20%
32 Niekryty Krytyk
20%
46 Ponki
20%
45 Z Dvpy
20%
51 Red Lipstick Monster
19%
36 THEUNBOXALL
19%
57 Dominik Łupicki
18%
75 Cyber Marian
17%
21 ProstoTV
17%
53 AdBuster
15%
76 Agnieszka Grzelak Beauty
15%
29 FIT LOVERS
15%
23 Marcin Malczyński
15%
49 RoxMb
15%
48 śmiechawaTV
15%
80 Dezy
14%
79 Historia bez cenzury
14%
67 Poszukiwacz
14%
65 Sitr0x
14%
82 Szparagi
14%
61 TRENUJ Z KRZYCHEM
14%
71 Vertez
14%
86 MagdalenaMariaMonika
13%
54 Martin Stankiewicz
13%
22 tvnpl
13%
90 Ajgor Ignacy
12%
31 KaliGanjaMafia
12%
96 Lil Masti
12%
78 NOLIF
12%
20 SPInkafilmstudio
12%
77 Zuzanna Borucka
12%
55 Dawid Frank
11%
16 5-minutowe Sztuczki
10%
39 Disowskyy
10%
91 Doknes
10%
69 Medusa Official
10%
60 NIEPRZYGOTOWANI: Nowe Pokolenie
10%
56 Taco Hemingway
10%
74 dealereq
9%
40 GPlay: Minecraft Jest Nasz!
9%
59 JASNA STRONA
9%
88 GramPaula
8%
72 Topowa Dycha
8%
47 Zajcu37
8%
42 BORCREW OFFICIAL
7%
89 AsfaltRecords
6%
52 NewBadLabel
6%
98 SciFun
6%
99 7 metrów pod ziemią
5%
100 Abra
5%
44 UrbanRecTv
5%
93 Cypisolo
4%
97 Enzzi
4%
84 GilathissNew
4%
92 LETNI
4%
85 TVGRYpl
4%
62 TVN Series
4%
81 Disco Polo Lajf
3%
95 stylizacjeTV
3%
83 Miłośnicy czterech kółek - zrób to sam
2%
94 SerafinTV
2%
87 Boomerang Polska
1%
Nie znaleziono quizów pasujących do podanych kryteriów
Rozkład punktacji
Procent ludzi z każdym wynikiem
Percentyl według liczby udzielonych odpowiedzi
Twoja historia wyników
Nie rozwiązałeś tego quizu od ostatniego zresetowania